| 000 | 00467nam a2200157 i 4500 | ||
|---|---|---|---|
| 001 | 23232 | ||
| 003 | ES-MaACL | ||
| 005 | 20251014063052.0 | ||
| 007 | t| | ||
| 008 | 021209s1902 sp ||||1| spa d | ||
| 100 | 1 |
_aAlzola y Minondo, Pablo de, _d1841-1912 _921064 |
|
| 245 | 1 | 3 |
_aLa mendicidad y la vagancia _b: conferencias... / _cPablo de Alzola y Minondo. |
| 260 |
_aBilbao : _b[s.n., _c1902] |
||
| 852 |
_aES-MaACL _jT-999-F-14 |
||
| 999 |
_c23232 _d23232 |
||